00579nam a2200205 a 4500001001300000003000900013005001700022008004100039020002300080082001700103100001600120245007600136260004300212300000900255500003500264505002400299650001400323700002000337700001600357nice12345678IN_TiNIC20260116014423.0050524s1995 cama grp 000 0 eng  a0946621 c25000a297.211bGHA aGhazali, Al aNinety Nine Names of Godb Al-Maqsad Al-Asna Fi Sharh Asma Allah Al Hus aCambridgebIslamic Texts Societyc1995 a205p aincludes index and biblioraphy2 aSelect Bibliography aGod-Islam1 aDavid B Burrell1 aNazih Daher